| 000 | 00374nam a2200133Ia 4500 | ||
|---|---|---|---|
| 008 | 231129s9999||||xx |||||||||||||| ||spa|| | ||
| 020 | _a968-451-006-3 | ||
| 040 | _bspa | ||
| 082 | _a370.733 P419d | ||
| 100 | _aPenteado José de Arruda | ||
| 245 | 0 | _aDidáctica y práctica de la enseñanza | |
| 264 | _aMcGraw-Hill | ||
| 942 |
_2ddc _cBKS |
||
| 999 |
_c9530 _d9530 |
||